000 00954nam a2200277Ia 4500
003 OSt
005 20220918163431.0
006 a|||||r|||| 00| 0
007 ta
008 220917b |||||||| |||| 00| 0 eng d
020 _a0 7546 1653 3 (hbk)
_c3563.93
024 _a262,727
037 _b35099, 25/06/2012, Segment Book Distributors
_cTextual
040 _aARTS
_cARTS
_beng
041 _2eng
_aeng
082 _aV63:191.N9, P1
100 _aNel Philip Ed.
_913132
245 0 _aSouth Africa's multilateral diplomacy and global change
_b The limits of reformism
260 _aAldershot
_bAshgate UK
_c2001
300 _a155p.
_ccm.
650 _aHISTORY
700 _a Taylor Ian Ed.
_913133
700 _a Westhuizen Janis Van Der Ed.
_913134
942 _hV63:191.N9, P1
_cTEXL
_2CC
999 _c119579
_d119579